[Event "Voronezh op-B 19th"]
[Site "Voronezh"]
[Date "2015.06.21"]
[Round "9"]
[White "Kornilov, Peter"]
[Black "Tjurin, Viktor"]
[Result "1-0"]
[WhiteElo "2043"]
[BlackElo "1810"]
[PlyCount "57"]
[EventDate "2015.06.12"]
[EventType "swiss"]
[EventRounds "9"]
[EventCountry "RUS"]
[SourceTitle "CBM 167 Extra"]
[Source "ChessBase"]
[SourceDate "2015.09.14"]
[SourceVersion "1"]
[SourceVersionDate "2015.09.14"]
[SourceQuality "1"]

1. Nf3 Nf6 2. c4 g6 3. Nc3 Bg7 4. g3 d6 5. d4 0-0 6. Bg2 Nc6 7. 0-0 e5 8. d5 Ne7 9. e4 Nd7 10. Rb1 a5 11. a3 h6 12. Ne1 f5 13. Nd3 Kh7 14. f4 c5 15. Nb5 Nb6 16. Qc2 fxe4 17. Bxe4 Nf5 18. fxe5 dxe5 19. Bd2 Nd7 20. Rbe1 b6 21. Bc3 Nd4 22. Bxg6+ Kh8 23. Bxd4 cxd4 24. Nd6 Qe7 25. Nf7+ Kg8 26. Ndxe5 Nf6 27. Rxf6 Rxf7 28. Bxf7+ Qxf7 29. Rxf7 1-0

[Event "Voronezh op-B 19th"]
[Site "Voronezh"]
[Date "2015.06.19"]
[Round "7"]
[White "Lysokonev, Valery"]
[Black "Tjurin, Viktor"]
[Result "1/2-1/2"]
[WhiteElo "2149"]
[BlackElo "1810"]
[PlyCount "105"]
[EventDate "2015.06.12"]
[EventType "swiss"]
[EventRounds "9"]
[EventCountry "RUS"]
[SourceTitle "CBM 167 Extra"]
[Source "ChessBase"]
[SourceDate "2015.09.14"]
[SourceVersion "1"]
[SourceVersionDate "2015.09.14"]
[SourceQuality "1"]

1. Nf3 Nf6 2. g3 g6 3. Bg2 Bg7 4. 0-0 d6 5. d4 0-0 6. c4 Nc6 7. Nc3 e5 8. d5 Ne7 9. e4 h6 10. Ne1 Ne8 11. f4 f5 12. fxe5 dxe5 13. b3 b6 14. Nd3 Nd6 15. Ba3 fxe4 16. Rxf8+ Bxf8 17. Nxe4 Nef5 18. Bb2 Ne3 19. Qe2 Nxg2 20. Bxe5 Nxe4 21. Qxe4 Bf5 22. Qf3 Qg5 23. Bxc7 Bxd3 24. Qxd3 Qe3+ 25. Qxe3 Nxe3 26. d6 Nc2 27. Re1 Kf7 28. Re4 Nb4 29. d7 Nc6 30. Kg2 Be7 31. Kf3 Nd8 32. c5 bxc5 33. Ke3 Ne6 34. Ba5 Bd8 35. Bc3 Ke7 36. Kd3 Kxd7 37. Kc4 a6 38. Kd5 Ng5 39. Ra4 Be7 40. Bd2 Nf7 41. Be3 g5 42. Bxc5 Bxc5 43. Kxc5 Ne5 44. Kd5 Nf3 45. h4 gxh4 46. gxh4 Re8 47. Rxa6 Re5+ 48. Kc4 Re4+ 49. Kc5 Re5+ 50. Kc4 Rh5 51. Ra8 Kc7 52. b4 Rxh4+ 53. Kb3 1/2-1/2

[Event "Elets-C op"]
[Site "Elets"]
[Date "2009.09.18"]
[Round "8"]
[White "Ostapets, Viktoria"]
[Black "Tjurin, Viktor"]
[Result "0-1"]
[WhiteElo "1863"]
[BlackElo "2008"]
[PlyCount "62"]
[EventDate "2009.09.12"]
[EventType "swiss"]
[EventRounds "9"]
[EventCountry "RUS"]
[SourceTitle "CBM 132 Extra"]
[Source "ChessBase"]
[SourceDate "2009.11.03"]
[SourceVersion "1"]
[SourceVersionDate "2009.11.03"]
[SourceQuality "1"]

1. d4 Nf6 2. c4 g6 3. Nc3 Bg7 4. e4 d6 5. Nf3 0-0 6. Be3 Nbd7 7. Be2 a6 8. 0-0 e5 9. dxe5 Nxe5 10. Nxe5 dxe5 11. Qc2 Be6 12. Rad1 Qc8 13. Nd5 Nxd5 14. cxd5 Bd7 15. Rc1 c6 16. dxc6 Bxc6 17. Qb3 Qd8 18. Rfd1 Qf6 19. f3 Rad8 20. Bb6 Rxd1+ 21. Rxd1 Bb5 22. Bxb5 Qxb6+ 23. Kh1 Qxb5 24. Qc2 Qc6 25. Qb3 Rc8 26. h3 Qc2 27. Qd5 Qxb2 28. Qd7 Qc2 29. Rd2 Qc7 30. Qd3 Bh6 31. Rd1 Bg5 0-1